00904 2200301 4500001002100000005001500021035002000036007000300056008004100059020002200100082001100122084001700133100003600150245012100186250002400307260003300331300003500364650001700399500007600416700002700492710002000519990001000539990001000549990001100559990001000570990001100580990001100591INLIS00000000000038020200924095053 a0010-0917000366ta200924 f 0 ind  a978-979-2409-19-2 a297.14 a297.14 MUH s0 aMUHAMMAD, Nashiruddin Al-Albani1 aSifat Shalat Nabi SAW 3 /cMuhammad Nashiruddin Al-Albani; penerjemah, Abu Zakaria Al-Atsary; editor, Tim Griya Ilmu aed.Indonesia, cet.8 aJakarta :bGriya ilmu,c2016 ajil.3, vii, 284 hlm. ;c25 cm. 4aFIQIH. ISLAM aJudul asli : Ashlu Shifati Shalatin Nabiy Shallallahu 'Alaihi wa Sallam0 aABU, Zakaria Al-Atsary0 aTIM, Griya Ilmu a5907a a5907b a5907 a a5907b a5907 b a5907 a